000 00502nam a2200181Ia 4500
005 20250326144134.0
008 250326s9999 xx 000 0 und d
037 _aTextbook
040 _aFMSL
_beng
_cFMSL
041 _aeng
_2eng
084 _aX61 L8
_qFMSL
100 _aBarro R J
_9748784
245 0 _aMoney, employment and inflation
_cBarro R J; Grossman H I
260 _aNY
_bNY, Cambridge University
_c1978
300 _a263p
942 _cTB
_hX61 L8
999 _c1302520
_d1302520